Central Library OPAC University of Rajshahi

Guide to the Companies act (act 1 of 1956, amended upto date), with exhaustive notes and comments, case-law references, rules and forms of the Central Government, etc., etc. / (Record no. 5597)

MARC details
000 -LEADER
fixed length control field 00977cam a2200265 i 4500
001 - CONTROL NUMBER
control field 5597
003 - CONTROL NUMBER IDENTIFIER
rucl marc code BD-RjUL
005 - DATE AND TIME OF LATEST TRANSACTION
control field 20211208234107.0
008 - FIXED-LENGTH DATA ELEMENTS--GENERAL INFORMATION
fixed length control field 131226r19811980ii 001 0 eng d
035 ## - SYSTEM CONTROL NUMBER
System control number (BD-RjUL) 5636
040 ## - CATALOGING SOURCE
Original cataloging agency DLC
Transcribing agency DLC
Modifying agency DLC
-- (BD-RjUL)
Language of cataloging eng
041 ## - LANGUAGE CODE
Language code of text/sound track or separate title eng
082 00 - DEWEY DECIMAL CLASSIFICATION NUMBER
Classification number 346.54066
Author mark and year RAG
100 1# - MAIN ENTRY--PERSONAL NAME
Personal name Ramaiya, Arunachala,
Dates associated with a name 1894-
9 (RLIN) 17564
245 10 - TITLE STATEMENT
Title Guide to the Companies act (act 1 of 1956, amended upto date), with exhaustive notes and comments, case-law references, rules and forms of the Central Government, etc., etc. /
Statement of responsibility, etc. by A. Ramaiya.
250 ## - EDITION STATEMENT
Edition statement 9th ed., rev.
260 ## - PUBLICATION, DISTRIBUTION, ETC. (IMPRINT)
Place of publication, distribution, etc. Madras :
Name of publisher, distributor, etc. Madras Law Journal Office,
Date of publication, distribution, etc. 1980 [Reprent 1981]
300 ## - PHYSICAL DESCRIPTION
Pagination lxxx, 1392 p. ;
Size 25 cm.
500 ## - GENERAL NOTE
General note Sixth edition published in 1971 entered under: India (Republic) Laws, statutes, etc.
General note Includes index.
650 #0 - SUBJECT ADDED ENTRY--TOPICAL TERM
Topical term or geographic name as entry element Corporation law
Geographic subdivision India.
9 (RLIN) 12910
942 ## - ADDED ENTRY ELEMENTS (KOHA)
Source of classification or shelving scheme Dewey Decimal Classification
Koha item type Books
Holdings
Lost status Source of classification or shelving scheme Damaged status Not for loan Collection code Permanent Location Current Location Shelving location Date acquired Source of acquisition Cost, normal purchase price Total Checkouts Full call number Date last seen Copy number Koha item type
  Dewey Decimal Classification     Non-fiction Central Library, University of Rajshahi Central Library, University of Rajshahi   28/09/1981 India Int. Cat 220.00   346.54066 RAG 1981 26/12/2013 C-2 Books
  Dewey Decimal Classification     Non-fiction Central Library, University of Rajshahi Central Library, University of Rajshahi   15/09/1981 India Int. Cat 220.00   346.54066 RAG 1981 21/12/2016 C-3 Books
  Dewey Decimal Classification   Not For Loan Non-fiction Central Library, University of Rajshahi Central Library, University of Rajshahi Reading Room 28/09/1981 India Int. Calcutta 220.00   346.54066 RAG 1981 26/02/2017 C-1 Books